|
|
|
|
| LEADER |
01846nam a2200313 a 4500 |
| 001 |
12922 |
| 003 |
BD-DhAAL |
| 008 |
091011s2004 bg b b 000 0 eng d |
| 999 |
|
|
|c 4647
|d 4647
|
| 010 |
|
|
|a 2005318110
|
| 020 |
|
|
|a 9840517082
|
| 040 |
|
|
|a DLC
|c DLC
|d BD-DhAAL
|
| 082 |
0 |
0 |
|a 330.95492
|2 22
|
| 245 |
0 |
0 |
|a Revisiting foreign aid :
|b a review of Bangladesh's development, 2003.
|
| 260 |
|
|
|a Dhaka :
|b Centre for Policy Dialogue ;
|b University press.
|c 2004.
|
| 300 |
|
|
|a xxxiv, 432 pages :
|b map ;
|c 25 cm.
|
| 504 |
|
|
|a Includes bibliographical references.
|
| 541 |
1 |
|
|e 12922, 35821
|
| 650 |
|
0 |
|a Economic assistance
|z Bangladesh.
|9 39016
|
| 651 |
|
0 |
|a Bangladesh
|x Economic conditions.
|9 39017
|
| 651 |
|
0 |
|a Bangladesh
|x Foreign economic relations.
|9 39018
|
| 710 |
2 |
|
|a Centre for Policy Dialogue (Bangladesh).
|9 39019
|
| 852 |
4 |
|
|a Ayesha Abed Library
|j BIED Collection
|
| 942 |
|
|
|2 ddc
|c BK
|
| 952 |
|
|
|0 0
|1 0
|2 ddc
|4 0
|6 330_954920000000000_REV
|7 0
|9 4432
|a BRACUL
|b BRACUL
|c GEN
|d 2009-10-18
|g 0.00
|l 0
|o 330.95492 REV
|p 3010012922
|r 2009-10-18
|t 2
|w 2009-10-18
|y BK
|x No price found in the accession register.
|
| 952 |
|
|
|0 0
|1 0
|2 ddc
|4 0
|6 330_954920000000000_REV_2004
|7 0
|9 4518
|a BRACUL
|b BRACUL
|c GEN
|d 2009-10-19
|g 0.00
|l 0
|o 330.95492 REV
|p 3010012921
|r 2009-10-19
|t 1
|w 2009-10-19
|y BK
|x No price found in the accession register.
|
| 952 |
|
|
|0 0
|1 0
|2 ddc
|4 0
|6 330_954920000000000_REV
|7 0
|9 43372
|a SCL
|b SCL
|c GEN
|d 2005-02-13
|g 760.00
|l 0
|o 330.95492 REV
|p 3020005185
|r 2014-07-24
|t 3
|w 2014-07-24
|y BK
|
| 952 |
|
|
|0 0
|1 0
|2 ddc
|4 0
|6 330_954920000000000_REV
|7 0
|9 43373
|a SCL
|b SCL
|c GEN
|d 2005-02-13
|g 760.00
|l 0
|o 330.95492 REV
|p 3020005184
|r 2014-07-24
|t 4
|w 2014-07-24
|y BK
|
| 952 |
|
|
|0 0
|1 0
|2 ddc
|4 0
|6 330_954920000000000_REV
|7 0
|9 67721
|a BRACUL
|b BRACUL
|c GEN
|d 2020-01-19
|e Complimentary copy from BIED
|l 0
|o 330.95492 REV
|p 3010035821
|r 2020-01-19
|t 5
|w 2020-01-19
|y BK
|x Transferred from BIED to General Stacks
|